000 00642nam a22001937a 4500
999 _c181141
_d181141
005 20210902144410.0
010 _aB-741371
020 _a9780415253864
_c175.00
035 _aB-741371
037 _bGift
082 _a808.883
100 _aFreud, Sigmund
245 _aLeonardo da vinci:
_ba memoir of his childhood /
_cby Sigmund Freud ; translated by Alan Dyson
260 _bRoutledge
_c2012
_aLondon
270 _a11 New Fetter Lane
_bLondon
300 _a97p.:
_c20cm(pbk)
_bill.
942 _2ddc
_cEN
_mFRE
_h808.883